[Event "Asia-ch U20 Girls"]
[Site "Tagaytay City"]
[Date "2014.11.30"]
[Round "2"]
[White "Romero, Gladys Hazelle"]
[Black "Shaikha, Abdallah Aldhaheri"]
[Result "1-0"]
[WhiteElo "1838"]
[BlackElo "1555"]
[PlyCount "35"]
[EventDate "2014.11.29"]
[EventType "swiss"]
[EventRounds "9"]
[EventCountry "PHI"]
[SourceTitle "EXT 2016"]
[Source "ChessBase"]
[SourceDate "2015.10.08"]
[SourceVersion "1"]
[SourceVersionDate "2015.10.08"]
[SourceQuality "1"]

1. d4 d5 2. c4 dxc4 3. e3 e5 4. Nf3 exd4 5. Qxd4 Qxd4 6. Nxd4 Bd6 7. Bxc4 a6 8. a4 g6 9. Nc3 Nd7 10. b3 Ne5 11. Be2 Ne7 12. 0-0 Nf5 13. Bb2 0-0 14. Ne4 Ng7 15. f4 Ng4 16. Bxg4 f5 17. Nxd6 cxd6 18. Bf3 1-0

[Event "Asia-ch U20 Girls"]
[Site "Tagaytay City"]
[Date "2014.11.29"]
[Round "1"]
[White "Nandhidhaa, PV."]
[Black "Romero, Gladys Hazelle"]
[Result "1-0"]
[WhiteElo "2177"]
[BlackElo "1838"]
[PlyCount "59"]
[EventDate "2014.11.29"]
[EventType "swiss"]
[EventRounds "9"]
[EventCountry "PHI"]
[SourceTitle "EXT 2016"]
[Source "ChessBase"]
[SourceDate "2015.10.08"]
[SourceVersion "1"]
[SourceVersionDate "2015.10.08"]
[SourceQuality "1"]

1. e4 e6 2. d4 d5 3. Bd3 dxe4 4. Bxe4 Nf6 5. Bf3 c6 6. Ne2 Bd6 7. 0-0 Qc7 8. h3 0-0 9. c4 Nbd7 10. Nbc3 e5 11. d5 cxd5 12. cxd5 Re8 13. Ng3 Nc5 14. Re1 Bd7 15. Bg5 Be7 16. Rc1 Qd6 17. b4 Na6 18. a3 Rac8 19. Qd3 h6 20. Bxf6 Bxf6 21. Nge4 Qb6 22. d6 Bd8 23. Nd5 Rxc1 24. Rxc1 Qb5 25. Qxb5 Bxb5 26. Nc5 Nxc5 27. Rxc5 Bc6 28. Nc7 Bxc7 29. dxc7 e4 30. Bg4 1-0

[Event "PHI-ch (Women)"]
[Site "Manila"]
[Date "2014.06.26"]
[Round "9"]
[White "Romero, Gladys Hazelle"]
[Black "Reyes, Queenie Lyn Dc"]
[Result "1/2-1/2"]
[WhiteElo "1933"]
[BlackElo "1964"]
[PlyCount "74"]
[EventDate "2014.06.21"]
[EventType "tourn"]
[EventRounds "11"]
[EventCountry "PHI"]
[SourceTitle "CBM 161 Extra"]
[Source "ChessBase"]
[SourceDate "2014.08.29"]
[SourceVersion "1"]
[SourceVersionDate "2014.08.29"]
[SourceQuality "1"]

1. Nf3 c5 2. c4 Nf6 3. g3 g6 4. Bg2 Bg7 5. Nc3 0-0 6. 0-0 Nc6 7. e4 d6 8. h3 Rb8 9. d3 a6 10. a4 Ne8 11. Be3 Nc7 12. Qd2 Nd4 13. Bxd4 cxd4 14. Nd5 Nxd5 15. cxd5 b5 16. axb5 Rxb5 17. Qc2 Qb6 18. Rfb1 Bd7 19. Nd2 Rb8 20. Nc4 Qb7 21. Bf1 Qc8 22. Kh2 Bf8 23. Qd2 e6 24. Bg2 exd5 25. exd5 Bf5 26. g4 Bd7 27. Qf4 Rb3 28. Ra3 Rxa3 29. Nxa3 Qc5 30. Rc1 Qa7 31. Nc4 Bb5 32. Qd2 Bxc4 33. dxc4 Qb6 34. Rb1 a5 35. Qc2 Qb4 36. Be4 a4 37. Bd3 Bg7 1/2-1/2

[Event "PHI-ch (Women)"]
[Site "Manila"]
[Date "2014.06.23"]
[Round "4"]
[White "Dantes, Aurora Kim"]
[Black "Romero, Gladys Hazelle"]
[Result "1/2-1/2"]
[WhiteElo "1875"]
[BlackElo "1933"]
[PlyCount "87"]
[EventDate "2014.06.21"]
[EventType "tourn"]
[EventRounds "11"]
[EventCountry "PHI"]
[SourceTitle "CBM 161 Extra"]
[Source "ChessBase"]
[SourceDate "2014.08.29"]
[SourceVersion "1"]
[SourceVersionDate "2014.08.29"]
[SourceQuality "1"]

1. e4 g6 2. d4 Bg7 3. Nc3 c5 4. dxc5 Bxc3+ 5. bxc3 Qa5 6. Qd4 Nf6 7. Qb4 Nc6 8. Qxa5 Nxa5 9. Bd3 0-0 10. Nf3 b6 11. cxb6 axb6 12. Be3 Bb7 13. Nd2 d5 14. f3 dxe4 15. fxe4 Rfc8 16. Bxb6 Rxc3 17. Bd4 Rcc8 18. 0-0 Nd7 19. Nf3 Nc5 20. Bxc5 Rxc5 21. Rab1 Ba6 22. Nd4 Nc4 23. Rb4 Nd2 24. Nb3 Nxb3 25. axb3 Bxd3 26. cxd3 Rc2 27. Ra4 Rxa4 28. bxa4 Ra2 29. Rc1 Rxa4 30. Kf2 Kg7 31. Rc2 e5 32. Rc5 Ra2+ 33. Kf3 Kf6 34. Rd5 Ke6 35. Rb5 Rd2 36. Rb6+ Ke7 37. Rb7+ Kf6 38. Rb3 Kg5 39. h3 f5 40. g3 Rd1 41. Ra3 Rf1+ 42. Kg2 Re1 43. Kf2 Rd1 44. Kf3 1/2-1/2

[Event "PHI-ch (Women)"]
[Site "Manila"]
[Date "2014.06.21"]
[Round "1"]
[White "Romero, Gladys Hazelle"]
[Black "Secopito, Catherine"]
[Result "0-1"]
[WhiteElo "1933"]
[BlackElo "2158"]
[PlyCount "60"]
[EventDate "2014.06.21"]
[EventType "tourn"]
[EventRounds "11"]
[EventCountry "PHI"]
[SourceTitle "CBM 161 Extra"]
[Source "ChessBase"]
[SourceDate "2014.08.29"]
[SourceVersion "1"]
[SourceVersionDate "2014.08.29"]
[SourceQuality "1"]

1. d4 Nf6 2. c4 e6 3. Nc3 b6 4. Nf3 Bb7 5. g3 Bb4 6. Bg2 0-0 7. 0-0 Nc6 8. Ne5 Na5 9. Qa4 Bxg2 10. Kxg2 Bxc3 11. bxc3 d6 12. Nf3 Ne4 13. Ba3 c5 14. Rac1 Qc8 15. Rfd1 Qa6 16. Qc2 f5 17. dxc5 Nxc4 18. Bb2 Qxa2 19. Ba1 Qxc2 20. Rxc2 bxc5 21. Rcc1 a5 22. Ne1 Rab8 23. Nd3 a4 24. Kf1 a3 25. Ke1 Nb2 26. Bxb2 axb2 27. Rb1 Nxc3 28. Rxb2 Rxb2 29. Nxb2 Nxd1 30. Kxd1 Ra8 0-1

[Event "PHI-ch sf (Women)"]
[Site "Manila"]
[Date "2014.??.??"]
[Round "2"]
[White "Macaspac, Kate Ruzell"]
[Black "Romero, Gladys Hazelle"]
[Result "0-1"]
[WhiteElo "1810"]
[BlackElo "1905"]
[PlyCount "75"]
[EventDate "2014.03.??"]
[EventType "swiss"]
[EventRounds "9"]
[EventCountry "PHI"]
[SourceTitle "EXT 2016"]
[Source "ChessBase"]
[SourceDate "2015.10.08"]
[SourceVersion "1"]
[SourceVersionDate "2015.10.08"]
[SourceQuality "1"]

1. e4 e6 2. d4 d5 3. exd5 exd5 4. Nf3 Nc6 5. Bf4 Bd6 6. Ne5 Qe7 7. Qe2 Nxd4 8. Qd2 Bxe5 9. Bxe5 Qxe5+ 10. Kd1 Nf6 11. Bb5+ Nxb5 12. Re1 Ne4 13. f3 0-0 14. fxe4 dxe4 15. Kc1 Bf5 16. a4 Rad8 17. Qe3 Nd6 18. Nd2 b6 19. Ra3 Rfe8 20. h3 Nb7 21. g4 Bg6 22. h4 h6 23. Rc3 Nc5 24. b3 Qd4 25. Qxd4 Rxd4 26. Rce3 Red8 27. Nc4 f6 28. Kb2 Nxa4+ 29. bxa4 Rxc4 30. Rc3 Rxc3 31. Kxc3 c5 32. Re3 Kf7 33. Kc4 Ke6 34. Kc3 Ke5 35. h5 Bf7 36. Kb2 Kf4 37. Re1 e3 38. Kc1 0-1

[Event "PHI-ch sf (Women)"]
[Site "Manila"]
[Date "2014.??.??"]
[Round "5"]
[White "Regencia, Janena Marie"]
[Black "Romero, Gladys Hazelle"]
[Result "0-1"]
[WhiteElo "1885"]
[BlackElo "1905"]
[PlyCount "132"]
[EventDate "2014.03.??"]
[EventType "swiss"]
[EventRounds "9"]
[EventCountry "PHI"]
[SourceTitle "EXT 2016"]
[Source "ChessBase"]
[SourceDate "2015.10.08"]
[SourceVersion "1"]
[SourceVersionDate "2015.10.08"]
[SourceQuality "1"]

1. d4 d6 2. c4 e5 3. d5 f5 4. Nf3 Nf6 5. e3 Be7 6. Be2 a5 7. b3 0-0 8. 0-0 Na6 9. Nc3 Bd7 10. Ba3 b6 11. Qc2 Qe8 12. Rfd1 Qf7 13. Rf1 h6 14. Ne1 Rae8 15. Rd1 Bd8 16. c5 Nxc5 17. Bxc5 bxc5 18. Nb5 Kh8 19. Qd2 Ne4 20. Qxa5 c6 21. Nxd6 Bxa5 22. Nxf7+ Rxf7 23. dxc6 Bxc6 24. Bh5 Rff8 25. Bxe8 Rxe8 26. f3 Nc3 27. Rd6 Bb5 28. Rf2 Ne2+ 29. Rxe2 Bxe2 30. Kf2 Bb5 31. a4 Bc7 32. Rd5 Ba6 33. Rxc5 Bb8 34. Ra5 Bb7 35. Nd3 f4 36. Nc5 Bc6 37. e4 Bd6 38. Ke2 Rb8 39. Kd1 Be8 40. Kc2 Bf7 41. Ra7 Bg8 42. Rb7 Rc8 43. b4 Bxc5 44. bxc5 Rxc5+ 45. Kb2 Ra5 46. Ka3 Rc5 47. Rb5 Rc2 48. Rb2 Rxb2 49. Kxb2 Bc4 50. Kc3 Bf1 51. a5 Kg8 52. g3 fxg3 53. hxg3 Kf7 54. Kd2 g5 55. Ke3 h5 56. Kf2 Bb5 57. f4 Kf6 58. Kf3 g4+ 59. Ke3 Ba6 60. Kf2 exf4 61. gxf4 Bb7 62. e5+ Kf5 63. Kg3 Bd5 64. a6 h4+ 65. Kxh4 Kxf4 66. a7 g3 0-1

[Event "PHI-ch sf (Women)"]
[Site "Manila"]
[Date "2014.??.??"]
[Round "9"]
[White "Villa, Enrica"]
[Black "Romero, Gladys Hazelle"]
[Result "1/2-1/2"]
[WhiteElo "1970"]
[BlackElo "1905"]
[PlyCount "69"]
[EventDate "2014.03.??"]
[EventType "swiss"]
[EventRounds "9"]
[EventCountry "PHI"]
[SourceTitle "EXT 2016"]
[Source "ChessBase"]
[SourceDate "2015.10.08"]
[SourceVersion "1"]
[SourceVersionDate "2015.10.08"]
[SourceQuality "1"]

1. e4 e6 2. d4 d5 3. Nd2 Be7 4. c3 c5 5. Bd3 Nf6 6. Ngf3 cxd4 7. Nxd4 dxe4 8. Nxe4 Nxe4 9. Bxe4 Nd7 10. 0-0 Nf6 11. Bf3 0-0 12. Nb3 e5 13. Qxd8 Rxd8 14. g3 Bh3 15. Bg2 Bxg2 16. Kxg2 Nd5 17. Re1 f6 18. Be3 b6 19. Kf3 Rd7 20. Rad1 Rad8 21. Rd2 Nxe3 22. Rxd7 Rxd7 23. Kxe3 Kf7 24. Re2 Ke6 25. Rd2 Rxd2 26. Nxd2 f5 27. Ke2 b5 28. c4 a6 29. f3 Bb4 30. cxb5 Bxd2 31. Kxd2 axb5 32. Kd3 Kd5 33. h3 Kc5 34. Kc3 Kd5 35. Kd3 1/2-1/2

[Event "Asian Continental op (Women) 12th"]
[Site "Manila"]
[Date "2013.05.24"]
[Round "7"]
[White "Anu, Bayar"]
[Black "Romero, Gladys Hazelle"]
[Result "1-0"]
[WhiteElo "2003"]
[BlackElo "1927"]
[PlyCount "65"]
[EventDate "2013.05.18"]
[EventType "swiss"]
[EventRounds "9"]
[EventCountry "PHI"]
[SourceTitle "CBM 154 Extra"]
[Source "ChessBase"]
[SourceDate "2013.06.25"]
[SourceVersion "2"]
[SourceVersionDate "2013.06.25"]
[SourceQuality "1"]

1. d4 Nf6 2. c4 g6 3. Nc3 Bg7 4. e4 d6 5. Nf3 0-0 6. Be2 e5 7. 0-0 Nc6 8. d5 Ne7 9. Nd2 Ne8 10. b4 f5 11. c5 Nf6 12. a4 fxe4 13. Ndxe4 Nxe4 14. Nxe4 Kh8 15. Bc4 Nf5 16. Bg5 Qd7 17. Qd3 Nd4 18. cxd6 cxd6 19. f4 exf4 20. Bxf4 Qg4 21. Bxd6 Rxf1+ 22. Rxf1 Bf5 23. Rf4 Bxe4 24. Rxe4 Qd7 25. Bc5 Nf5 26. d6 Qxa4 27. d7 Bf6 28. Bb5 Qa1+ 29. Qf1 Qxf1+ 30. Kxf1 Kg7 31. g4 Nh6 32. Re8 Rd8 33. Bf8+ 1-0

[Event "Asian Continental op (Women) 12th"]
[Site "Manila"]
[Date "2013.05.23"]
[Round "6"]
[White "Romero, Gladys Hazelle"]
[Black "Galas, Bernadette"]
[Result "1/2-1/2"]
[WhiteElo "1927"]
[BlackElo "2045"]
[PlyCount "67"]
[EventDate "2013.05.18"]
[EventType "swiss"]
[EventRounds "9"]
[EventCountry "PHI"]
[SourceTitle "CBM 154 Extra"]
[Source "ChessBase"]
[SourceDate "2013.06.25"]
[SourceVersion "2"]
[SourceVersionDate "2013.06.25"]
[SourceQuality "1"]

1. d4 d5 2. c4 dxc4 3. e3 e6 4. Bxc4 a6 5. Nf3 Nf6 6. 0-0 c5 7. dxc5 Qxd1 8. Rxd1 Bxc5 9. Be2 Nbd7 10. Nbd2 0-0 11. a3 b5 12. b4 Be7 13. Bb2 Bb7 14. Ne1 Rac8 15. Rac1 Nb6 16. Bd4 Na4 17. Nd3 Rfd8 18. Nb3 Ne4 19. Bf3 Bd5 20. Bxe4 Bxe4 21. Ndc5 Nxc5 22. Nxc5 Bxc5 23. Bxc5 Bc2 24. Rxd8+ Rxd8 25. Bd4 Rc8 26. h3 Rc4 27. Kh2 Bb3 28. Rxc4 Bxc4 29. Kg3 f6 30. Bc5 Kf7 31. Bd4 e5 32. Bc5 Ke6 33. e4 g6 34. f3 1/2-1/2

[Event "Asian Continental op (Women) 12th"]
[Site "Manila"]
[Date "2013.05.22"]
[Round "5"]
[White "Sultana, Sharmin Shirin"]
[Black "Romero, Gladys Hazelle"]
[Result "0-1"]
[WhiteElo "2005"]
[BlackElo "1927"]
[PlyCount "90"]
[EventDate "2013.05.18"]
[EventType "swiss"]
[EventRounds "9"]
[EventCountry "PHI"]
[SourceTitle "CBM 154 Extra"]
[Source "ChessBase"]
[SourceDate "2013.06.25"]
[SourceVersion "2"]
[SourceVersionDate "2013.06.25"]
[SourceQuality "1"]

1. d4 d6 2. c4 e5 3. d5 f5 4. Nc3 Nf6 5. g3 Be7 6. Bg2 0-0 7. Qc2 a5 8. e4 Na6 9. Be3 Ng4 10. h3 Nxe3 11. fxe3 Bg5 12. Qe2 f4 13. exf4 exf4 14. g4 Bh4+ 15. Kd2 Nc5 16. Nf3 Bg3 17. Kc2 Bd7 18. Raf1 c6 19. Kb1 Re8 20. Nd4 Rb8 21. Rd1 Qf6 22. Bf3 Qe5 23. Ka1 cxd5 24. cxd5 a4 25. a3 b5 26. Ndxb5 Bxb5 27. Nxb5 Nxe4 28. Bxe4 Qxe4 29. Qxe4 Rxe4 30. Nxd6 Re2 31. Nc4 f3 32. Rhf1 f2 33. d6 Rd8 34. Ka2 Re1 35. b4 Re2+ 36. Kb1 Kf7 37. b5 Ke6 38. Rd2 Re1+ 39. Rd1 Rxf1 40. Rxf1 Kd5 41. Nb6+ Kxd6 42. Nc4+ Kc5 43. Nb2 Kxb5 44. Kc2 Re8 45. Nd3 Re1 0-1